[Event "Siebenlehn op 12th"]
[Site "Siebenlehn"]
[Date "2011.12.29"]
[Round "6"]
[White "Winter, Karlheinz"]
[Black "Eperjesi, Laszlo"]
[Result "0-1"]
[WhiteElo "1993"]
[BlackElo "2192"]
[PlyCount "92"]
[EventDate "2011.12.27"]
[EventType "swiss"]
[EventRounds "7"]
[EventCountry "GER"]
[SourceTitle "EXT 2013"]
[Source "ChessBase"]
[SourceDate "2012.11.22"]
[SourceVersion "1"]
[SourceVersionDate "2012.11.22"]
[SourceQuality "1"]

1. c4 c5 2. Nc3 Nc6 3. Nf3 Nf6 4. g3 e6 5. Bg2 Be7 6. 0-0 0-0 7. d4 cxd4 8. Nxd4 a6 9. Bg5 Ne5 10. b3 h6 11. Bxf6 Bxf6 12. Rc1 d6 13. h3 Qb6 14. e3 Bd7 15. Qd2 Rfd8 16. Rfd1 Rac8 17. Qe2 Qa7 18. Ne4 Be7 19. Qh5 Be8 20. Qe2 Qb8 21. a4 Nc6 22. Qd2 Nxd4 23. Qxd4 Bc6 24. Qb2 b6 25. Nd2 Bxg2 26. Kxg2 Qb7+ 27. Kg1 Bf6 28. Qb1 d5 29. cxd5 Rxc1 30. Rxc1 Qxd5 31. Nc4 b5 32. axb5 axb5 33. Na5 g6 34. Qc2 Qf3 35. Qc6 Rd5 36. Rf1 h5 37. Qc7 Be5 38. Qc2 h4 39. Nc6 Bf6 40. g4 Qxh3 41. Qe4 Kg7 42. f3 Qg3+ 43. Kh1 Be5 44. Nxe5 Rxe5 45. Qf4 Qxf4 46. exf4 Re3 0-1

[Event "Leutersdorf Sparkasse op 15th"]
[Site "Leutersdorf"]
[Date "2011.02.19"]
[Round "4"]
[White "Zimmermann, Rene"]
[Black "Winter, Karlheinz"]
[Result "1-0"]
[WhiteElo "2115"]
[BlackElo "1850"]
[PlyCount "81"]
[EventDate "2011.02.18"]
[EventType "swiss"]
[EventRounds "7"]
[EventCountry "GER"]
[SourceTitle "CBM 141 Extra"]
[Source "ChessBase"]
[SourceDate "2011.05.03"]
[SourceVersion "1"]
[SourceVersionDate "2011.05.03"]
[SourceQuality "1"]

1. d4 d5 2. c4 c6 3. Nc3 Nf6 4. Nf3 e6 5. Bg5 Nbd7 6. cxd5 exd5 7. Qc2 Bb4 8. Nd2 0-0 9. e3 b6 10. Bd3 Bb7 11. Bxh7+ Kh8 12. Bf5 Qe8 13. a3 Bxc3 14. bxc3 g6 15. Bd3 Qe6 16. 0-0 Kg7 17. e4 dxe4 18. Bxf6+ Nxf6 19. Nxe4 Nd5 20. Qd2 Qg4 21. f4 Rh8 22. Nd6 Bc8 23. Nxc8 Raxc8 24. Rf3 Rh4 25. Raf1 Rch8 26. Rg3 Qh5 27. h3 Qh6 28. Qe1 Rxf4 29. Qe5+ Kh7 30. Rgf3 Rxf3 31. Rxf3 Qf8 32. c4 Ne7 33. d5 cxd5 34. cxd5 Kg8 35. d6 Nc6 36. Qd5 Qe8 37. d7 Qe1+ 38. Kh2 Nd8 39. Bxg6 Kg7 40. Bxf7 Qe7 41. Qd4+ 1-0

[Event "EU-chT Seniors 12th"]
[Site "Dresden"]
[Date "2010.02.16"]
[Round "7"]
[White "Winter, Karlheinz"]
[Black "Koskinen, Veikko"]
[Result "1/2-1/2"]
[WhiteElo "2077"]
[BlackElo "1990"]
[PlyCount "85"]
[EventDate "2010.02.10"]
[EventType "team-swiss"]
[EventRounds "9"]
[EventCountry "GER"]
[SourceTitle "CBM 134 Extra"]
[Source "ChessBase"]
[SourceDate "2010.03.03"]
[SourceVersion "1"]
[SourceVersionDate "2010.03.03"]
[SourceQuality "1"]
[WhiteTeam "Dresden TuR (Seniors)"]
[BlackTeam "Helsinki (Seniors)"]
[WhiteTeamCountry "GER"]
[BlackTeamCountry "FIN"]

1. c4 f5 2. Nc3 Nf6 3. d4 g6 4. Nf3 Bg7 5. g3 0-0 6. Bg2 d6 7. 0-0 Qe8 8. Nb5 Na6 9. d5 e5 10. Ng5 e4 11. Nd4 Nc5 12. b4 h6 13. bxc5 hxg5 14. cxd6 cxd6 15. Bxg5 a6 16. Rb1 Ng4 17. Rb6 Ne5 18. Rxd6 Nxc4 19. Rd8 Qf7 20. Rxf8+ Bxf8 21. Nb3 b5 22. f3 e3 23. Qd3 Bb7 24. Bxe3 Nxe3 25. Qxe3 Bxd5 26. f4 Bxg2 27. Kxg2 Re8 28. Qd3 Qe6 29. Rf2 Bb4 30. Nd4 Qd5+ 31. Nf3 Qxa2 32. Ng5 Qc4 33. Qd7 Re7 34. Qd8+ Kg7 35. Kh3 a5 36. Rf3 Rxe2 37. Rd3 Re7 38. Rd7 Qf1+ 39. Kh4 Qe2 40. Rxe7+ Bxe7 41. Qd4+ Bf6 42. Qd7+ Be7 43. Qd4+ 1/2-1/2

[Event "EU-chT Seniors 12th"]
[Site "Dresden"]
[Date "2010.02.15"]
[Round "6"]
[White "Wilson, Peter JB"]
[Black "Winter, Karlheinz"]
[Result "0-1"]
[WhiteElo "1995"]
[BlackElo "2077"]
[PlyCount "117"]
[EventDate "2010.02.10"]
[EventType "team-swiss"]
[EventRounds "9"]
[EventCountry "GER"]
[SourceTitle "CBM 134 Extra"]
[Source "ChessBase"]
[SourceDate "2010.03.03"]
[SourceVersion "1"]
[SourceVersionDate "2010.03.03"]
[SourceQuality "1"]
[WhiteTeam "England (Seniors) II"]
[BlackTeam "Dresden TuR (Seniors)"]
[WhiteTeamCountry "ENG"]
[BlackTeamCountry "GER"]

1. f4 d5 2. e3 Bf5 3. Nf3 e6 4. d4 Nf6 5. c3 Nbd7 6. Bd3 Ne4 7. 0-0 Be7 8. Nbd2 Nxc3 9. Qc2 Ne2+ 10. Kf2 Bxd3 11. Qc3 Nxc1 12. Rfxc1 c6 13. Qb3 Rb8 14. g3 0-0 15. h4 Qa5 16. Qxd3 Nf6 17. Ne5 Qxd2+ 18. Qxd2 Ne4+ 19. Ke2 Nxd2 20. Kxd2 Rfd8 21. a3 f6 22. Nd3 Kf7 23. Rc2 Bd6 24. Rac1 Re8 25. Rf1 Kg8 26. b4 e5 27. fxe5 fxe5 28. dxe5 Bxe5 29. Nxe5 Rxe5 30. Kd3 Rbe8 31. Rf3 Rf8 32. Rxf8+ Kxf8 33. b5 Re6 34. Kd4 Ke7 35. bxc6 bxc6 36. Rb2 Re4+ 37. Kd3 Kd6 38. Rb7 Re7 39. Rb8 c5 40. Rc8 Rc7 41. Kc2 Rb7 42. Rd8+ Ke6 43. Re8+ Re7 44. Rc8 c4 45. Kc3 Ke5 46. Rf8 Ke4 47. Kd2 c3+ 48. Kxc3 Kxe3 49. Rf1 Rc7+ 50. Kb2 d4 51. Rf8 d3 52. Re8+ Kd2 53. Rd8 Rb7+ 54. Ka2 Kc2 55. Rc8+ Kd1 56. Rd8 d2 57. Rd6 Re7 58. Rd5 Kc1 59. Rd8 0-1

[Event "EU-chT Seniors 12th"]
[Site "Dresden"]
[Date "2010.02.14"]
[Round "5"]
[White "Kluger, Hans Peter"]
[Black "Winter, Karlheinz"]
[Result "1-0"]
[WhiteElo "1960"]
[BlackElo "2077"]
[PlyCount "26"]
[EventDate "2010.02.10"]
[EventType "team-swiss"]
[EventRounds "9"]
[EventCountry "GER"]
[SourceTitle "CBM 134 Extra"]
[Source "ChessBase"]
[SourceDate "2010.03.03"]
[SourceVersion "1"]
[SourceVersionDate "2010.03.03"]
[SourceQuality "1"]
[WhiteTeam "Widukind (Seniors) II"]
[BlackTeam "Dresden TuR (Seniors)"]
[WhiteTeamCountry "GER"]
[BlackTeamCountry "GER"]

1. d4 Nf6 2. c4 e6 3. Nf3 d5 4. e3 Bb4+ 5. Bd2 Bxd2+ 6. Nbxd2 0-0 7. Bd3 Nbd7 8. Rc1 c6 9. Nf1 Qa5+ 10. Qd2 Qxa2 11. Ng3 Qb3 12. c5 b6 13. Bc2 Qxb2 1-0

[Event "Sachsen-ch Seniors op 17th"]
[Site "Dresden"]
[Date "2009.02.14"]
[Round "6"]
[White "Siegmund, Rainer"]
[Black "Winter, Karlheinz"]
[Result "1-0"]
[WhiteElo "1991"]
[BlackElo "1867"]
[PlyCount "56"]
[EventDate "2009.02.09"]
[EventType "swiss"]
[EventRounds "9"]
[EventCountry "GER"]
[SourceTitle "EXT 2022"]
[Source "ChessBase"]
[SourceDate "2021.10.06"]
[SourceVersion "1"]
[SourceVersionDate "2021.10.06"]
[SourceQuality "1"]

1. d4 Nf6 2. c4 e6 3. Nc3 d5 4. cxd5 exd5 5. Bg5 Be7 6. e3 0-0 7. Bd3 Nbd7 8. Qc2 c5 9. Nf3 b6 10. 0-0 Bb7 11. Rac1 Rc8 12. Bf5 Ne4 13. Bxe7 Qxe7 14. Ne5 Nxe5 15. Bxc8 Rxc8 16. dxe5 Qxe5 17. Nxe4 dxe4 18. Rfd1 Rf8 19. Rd7 Bc8 20. Rxa7 Bg4 21. Ra4 Re8 22. Re1 h5 23. b4 Qg5 24. Kh1 h4 25. bxc5 h3 26. Rxe4 hxg2+ 27. Kg1 Rc8 28. Rc4 bxc5 1-0

[Event "Sachsen-ch Seniors op 17th"]
[Site "Dresden"]
[Date "2009.02.13"]
[Round "5"]
[White "Winter, Karlheinz"]
[Black "Kalmutzki, Manfred"]
[Result "1-0"]
[WhiteElo "1867"]
[BlackElo "1690"]
[PlyCount "105"]
[EventDate "2009.02.09"]
[EventType "swiss"]
[EventRounds "9"]
[EventCountry "GER"]
[SourceTitle "EXT 2022"]
[Source "ChessBase"]
[SourceDate "2021.10.06"]
[SourceVersion "1"]
[SourceVersionDate "2021.10.06"]
[SourceQuality "1"]

1. c4 e6 2. Nf3 d5 3. d4 c6 4. e3 f5 5. Bd3 Nf6 6. 0-0 Bd6 7. Nc3 0-0 8. Rb1 Ne4 9. Qc2 Nd7 10. b4 Nxc3 11. Qxc3 Nf6 12. b5 Bd7 13. Ne5 Qc7 14. Ba3 Rfc8 15. Bxd6 Qxd6 16. c5 Qc7 17. a4 Ng4 18. Nxg4 fxg4 19. Qc2 h6 20. f4 Rf8 21. g3 Qa5 22. e4 Qd8 23. e5 Qe7 24. Qe2 h5 25. h3 g5 26. hxg4 gxf4 27. Rxf4 Rxf4 28. gxf4 hxg4 29. Qxg4+ Qg7 30. Qxg7+ Kxg7 31. Kf2 Rh8 32. Kg2 Kf8 33. Rh1 Rg8+ 34. Kf3 Rg7 35. Rh8+ Rg8 36. Rxg8+ Kxg8 37. Kg4 Kg7 38. Kg5 Kf7 39. bxc6 Bxc6 40. Bg6+ Kg7 41. a5 Bb5 42. f5 exf5 43. Bxf5 Kf7 44. Bc8 Bc6 45. Kf5 Ke7 46. Be6 a6 47. Bg8 Bd7+ 48. e6 Bc6 49. Ke5 Kf8 50. Bh7 Ke7 51. Bc2 b5 52. axb6 Bb7 53. Bb3 1-0

[Event "Sachsen-ch Seniors op 17th"]
[Site "Dresden"]
[Date "2009.02.12"]
[Round "4"]
[White "Lenk, Konrad"]
[Black "Winter, Karlheinz"]
[Result "0-1"]
[WhiteElo "1763"]
[BlackElo "1867"]
[PlyCount "84"]
[EventDate "2009.02.09"]
[EventType "swiss"]
[EventRounds "9"]
[EventCountry "GER"]
[SourceTitle "EXT 2022"]
[Source "ChessBase"]
[SourceDate "2021.10.06"]
[SourceVersion "1"]
[SourceVersionDate "2021.10.06"]
[SourceQuality "1"]

1. d4 Nf6 2. Bf4 e6 3. e3 d5 4. Bd3 Bd6 5. Bg3 Nbd7 6. Nf3 0-0 7. 0-0 Bxg3 8. hxg3 c5 9. b3 b6 10. Nbd2 Bb7 11. c3 Ne4 12. Rc1 f5 13. Nh2 Qf6 14. Bb5 Nb8 15. Ndf3 a6 16. Bd3 Nc6 17. g4 g5 18. Be2 h5 19. gxh5 g4 20. Nd2 Nxd2 21. Qxd2 Qg5 22. f4 Qxh5 23. Qe1 Kf7 24. Qg3 Rg8 25. Rfd1 Rg7 26. Nf1 Rh8 27. Kf2 Rgh7 28. dxc5 bxc5 29. a3 Qg6 30. Rb1 Qf6 31. c4 d4 32. b4 cxb4 33. axb4 Rh3 34. gxh3 Rxh3 35. Qxh3 gxh3 36. exd4 Nxd4 37. Bh5+ Ke7 38. Ng3 h2 39. b5 axb5 40. cxb5 Qh4 41. Rxd4 h1N+ 42. Rxh1 Bxh1 0-1

[Event "Sachsen-ch Seniors op 17th"]
[Site "Dresden"]
[Date "2009.02.10"]
[Round "2"]
[White "Petzold, Hans"]
[Black "Winter, Karlheinz"]
[Result "1-0"]
[WhiteElo "2088"]
[BlackElo "1867"]
[PlyCount "55"]
[EventDate "2009.02.09"]
[EventType "swiss"]
[EventRounds "9"]
[EventCountry "GER"]
[SourceTitle "EXT 2022"]
[Source "ChessBase"]
[SourceDate "2021.10.06"]
[SourceVersion "1"]
[SourceVersionDate "2021.10.06"]
[SourceQuality "1"]

1. e4 d5 2. exd5 Qxd5 3. Nc3 Qa5 4. Bc4 Nf6 5. d3 c6 6. Bd2 Qd8 7. Qe2 Bf5 8. h3 h6 9. g4 Bh7 10. f4 Qd6 11. Nf3 Nbd7 12. 0-0-0 Nd5 13. Ne5 e6 14. Nxd5 exd5 15. Bb4 Qe6 16. Bxf8 Kxf8 17. Bb3 Kg8 18. Rde1 Re8 19. Qf2 Nxe5 20. Rxe5 Qd7 21. Rxe8+ Qxe8 22. Re1 Qb8 23. f5 g5 24. Re7 Qf4+ 25. Qxf4 gxf4 26. Re8+ Kg7 27. f6+ Kxf6 28. Rxh8 1-0

[Event "EU-chT Seniors 10th"]
[Site "Dresden"]
[Date "2008.02.12"]
[Round "2.2"]
[White "Winter, Karlheinz"]
[Black "Taksrud, Vidar"]
[Result "0-1"]
[WhiteElo "2048"]
[BlackElo "2164"]
[PlyCount "68"]
[EventDate "2008.02.11"]
[EventType "team-swiss"]
[EventRounds "9"]
[EventCountry "GER"]
[SourceTitle "CBM 122 Extra"]
[Source "ChessBase"]
[SourceDate "2008.03.04"]
[SourceVersion "1"]
[SourceVersionDate "2008.03.04"]
[SourceQuality "1"]
[WhiteTeam "Sachsen II"]
[BlackTeam "Norway II"]
[WhiteTeamCountry "GER"]
[BlackTeamCountry "NOR"]

1. c4 e5 2. Nc3 Nf6 3. Nf3 Nc6 4. g3 Bb4 5. Nd5 d6 6. Nxb4 Nxb4 7. Qa4+ Nc6 8. Bg2 0-0 9. 0-0 e4 10. Ng5 Re8 11. d3 Nd4 12. Nxe4 Nxe2+ 13. Kh1 Nxe4 14. dxe4 Bd7 15. Qd1 Nxc1 16. Rxc1 Bc6 17. Qd4 a5 18. Rfe1 Re6 19. Kg1 Qe7 20. Re3 Re8 21. Rce1 b6 22. b3 Ba8 23. Bh3 Re5 24. Bf5 c5 25. Qd3 Qb7 26. f3 g6 27. Bh3 Qe7 28. Kf2 Qf8 29. Bg2 f5 30. exf5 gxf5 31. Rxe5 dxe5 32. Rd1 e4 33. Qd6 e3+ 34. Kg1 Qxd6 0-1

[Event "EU-chT Seniors 09th"]
[Site "Dresden"]
[Date "2007.02.24"]
[Round "9"]
[White "Winter, Karlheinz"]
[Black "Luetje, Juergen"]
[Result "1-0"]
[WhiteElo "2032"]
[BlackElo "2141"]
[PlyCount "85"]
[EventDate "2007.02.16"]
[EventType "team-swiss"]
[EventRounds "9"]
[EventCountry "GER"]
[SourceTitle "CBM 117 Extra"]
[Source "ChessBase"]
[SourceDate "2007.05.09"]
[SourceVersion "1"]
[SourceVersionDate "2007.05.09"]
[SourceQuality "1"]

1. c4 c5 2. Nf3 Nf6 3. g3 b6 4. Bg2 Bb7 5. 0-0 g6 6. d4 cxd4 7. Qxd4 Bg7 8. Nc3 0-0 9. Qh4 d6 10. Bh6 Nbd7 11. Bxg7 Kxg7 12. Qd4 Kg8 13. Rac1 Rc8 14. Rfd1 Bxf3 15. exf3 Ne5 16. b3 Qc7 17. Ne4 Nxe4 18. fxe4 Qc5 19. Qd2 a5 20. Qe2 Rc7 21. Rd5 Qa3 22. Rcd1 Rc5 23. Rxc5 dxc5 24. h3 a4 25. Rd5 Nc6 26. bxa4 Qxa4 27. Qb2 Qa5 28. Kh2 Qa4 29. Qb3 Rc8 30. Rd7 Kf8 31. Qe3 Ke8 32. Rb7 Na5 33. Ra7 Qxc4 34. e5 Qd4 35. Qg5 Qd8 36. Qh6 Nc6 37. Bxc6+ Rxc6 38. Qg7 Qc7 39. Rxc7 Rxc7 40. Qg8+ Kd7 41. Qxf7 Rc6 42. Qc4 e6 43. a4 1-0

[Event "EU-chT Seniors 09th"]
[Site "Dresden"]
[Date "2007.02.23"]
[Round "8"]
[White "Korn, Juergen Christof"]
[Black "Winter, Karlheinz"]
[Result "1/2-1/2"]
[WhiteElo "2123"]
[BlackElo "2032"]
[PlyCount "102"]
[EventDate "2007.02.16"]
[EventType "team-swiss"]
[EventRounds "9"]
[EventCountry "GER"]
[SourceTitle "CBM 117 Extra"]
[Source "ChessBase"]
[SourceDate "2007.05.09"]
[SourceVersion "1"]
[SourceVersionDate "2007.05.09"]
[SourceQuality "1"]

1. c4 Nf6 2. g3 g6 3. Bg2 Bg7 4. Nc3 d6 5. d4 0-0 6. e3 Nc6 7. Nge2 e5 8. b3 Bf5 9. h3 exd4 10. exd4 Re8 11. Be3 Nb4 12. 0-0 Nc2 13. g4 Nxe3 14. fxe3 Be4 15. Nxe4 Nxe4 16. Qd3 Qe7 17. Rf4 Nc5 18. dxc5 Bxa1 19. Bxb7 Rad8 20. Bd5 Qxe3+ 21. Qxe3 Rxe3 22. Rxf7 Kh8 23. Nf4 Bd4 24. Kg2 dxc5 25. Rxc7 Be5 26. Rf7 Bxf4 27. Rxf4 Re2+ 28. Kg3 Rde8 29. Rf7 R2e7 30. Rf6 g5 31. h4 Re3+ 32. Bf3 gxh4+ 33. Kxh4 Kg7 34. g5 Rf8 35. Rxf8 Kxf8 36. Kg4 Kg7 37. Kf4 Re1 38. Be4 Re2 39. b4 cxb4 40. c5 Rxa2 41. c6 Ra5 42. Ke3 Rc5 43. Kd4 Rc1 44. Ke5 a5 45. Kd6 a4 46. c7 b3 47. Bc6 b2 48. c8Q b1Q 49. Qc7+ Kg6 50. Be8+ Kf5 51. Qxh7+ Kxg5 1/2-1/2

[Event "EU-chT Seniors 09th"]
[Site "Dresden"]
[Date "2007.02.22"]
[Round "7"]
[White "Winter, Karlheinz"]
[Black "Fleuch, Hans Juergen"]
[Result "1-0"]
[WhiteElo "2032"]
[BlackElo "2129"]
[PlyCount "129"]
[EventDate "2007.02.16"]
[EventType "team-swiss"]
[EventRounds "9"]
[EventCountry "GER"]
[SourceTitle "CBM 117 Extra"]
[Source "ChessBase"]
[SourceDate "2007.05.09"]
[SourceVersion "1"]
[SourceVersionDate "2007.05.09"]
[SourceQuality "1"]

1. c4 Nc6 2. Nf3 Nf6 3. g3 e5 4. Nc3 d6 5. Bg2 Be7 6. 0-0 0-0 7. d4 exd4 8. Nxd4 Ne5 9. b3 c6 10. Qc2 g6 11. Bh6 Re8 12. Rad1 a6 13. h3 c5 14. Nf3 Nxf3+ 15. exf3 Be6 16. Qb2 Bf8 17. Bxf8 Rxf8 18. f4 Rb8 19. g4 Ne8 20. Ne4 Qe7 21. Rxd6 f5 22. Rxe6 Qxe6 23. Nxc5 Qf6 24. Bd5+ Kh8 25. Qe2 fxg4 26. Nd7 Qxf4 27. Nxf8 Qxf8 28. Qe5+ Ng7 29. hxg4 Re8 30. Qd4 Qe7 31. Rd1 h5 32. Rd3 Qg5 33. Rg3 Re1+ 34. Kg2 h4 35. Re3 Rxe3 36. fxe3 Kh7 37. Qf4 Qe7 38. g5 Nh5 39. Qf7+ Qxf7 40. Bxf7 Kg7 41. Bd5 b6 42. b4 Kf8 43. c5 bxc5 44. bxc5 Ke7 45. Be4 Ng7 46. Bxg6 Ne6 47. Kh3 Nxg5+ 48. Kxh4 Ne6 49. c6 Kd6 50. Be4 a5 51. Kg4 Nc5 52. Kf5 Na4 53. c7 Kxc7 54. Ke5 Nc3 55. Bd5 Nb5 56. Ke6 Nc3 57. e4 Kb6 58. Kd6 Nb5+ 59. Ke5 Kc5 60. Bg8 a4 61. Kf6 Nc3 62. e5 Kc6 63. Ke7 a3 64. Bb3 Ne2 65. Kf7 1-0

[Event "EU-chT Seniors 09th"]
[Site "Dresden"]
[Date "2007.02.21"]
[Round "6"]
[White "Winter, Karlheinz"]
[Black "Lenk, Wolfgang"]
[Result "1/2-1/2"]
[WhiteElo "2032"]
[BlackElo "2219"]
[PlyCount "67"]
[EventDate "2007.02.16"]
[EventType "team-swiss"]
[EventRounds "9"]
[EventCountry "GER"]
[SourceTitle "CBM 117 Extra"]
[Source "ChessBase"]
[SourceDate "2007.05.09"]
[SourceVersion "1"]
[SourceVersionDate "2007.05.09"]
[SourceQuality "1"]

1. c4 Nf6 2. Nc3 g6 3. Nf3 Bg7 4. g3 0-0 5. Bg2 d6 6. d4 Nc6 7. 0-0 a6 8. h3 Rb8 9. Be3 Bd7 10. Qd2 b5 11. cxb5 axb5 12. Bh6 b4 13. Bxg7 Kxg7 14. Nd1 Qc8 15. Kh2 Qa6 16. Ne3 Na5 17. Ng5 Qb5 18. Ne4 Nxe4 19. Bxe4 Nc4 20. Nxc4 Qxc4 21. Rfc1 Qe6 22. Bg2 Rfc8 23. d5 Qf6 24. e4 c5 25. dxc6 Bxc6 26. f4 Ba8 27. Rxc8 Rxc8 28. Rc1 Rxc1 29. Qxc1 Qd4 30. Qc2 e5 31. Qe2 Bc6 32. f5 gxf5 33. Qh5 Bxe4 34. Qg5+ 1/2-1/2

[Event "EU-chT Seniors 09th"]
[Site "Dresden"]
[Date "2007.02.19"]
[Round "4"]
[White "Winter, Karlheinz"]
[Black "Juergens, Peter1111"]
[Result "1-0"]
[WhiteElo "2032"]
[BlackElo "2082"]
[PlyCount "57"]
[EventDate "2007.02.16"]
[EventType "team-swiss"]
[EventRounds "9"]
[EventCountry "GER"]
[SourceTitle "CBM 117 Extra"]
[Source "ChessBase"]
[SourceDate "2007.05.09"]
[SourceVersion "1"]
[SourceVersionDate "2007.05.09"]
[SourceQuality "1"]

1. c4 Nf6 2. Nf3 e6 3. g3 d5 4. Bg2 Be7 5. 0-0 0-0 6. d4 dxc4 7. Nc3 Nc6 8. e3 Nd5 9. Qe2 Na5 10. Bd2 c6 11. e4 Nf6 12. Rad1 Re8 13. e5 Nd5 14. Ne4 b5 15. Nfg5 g6 16. Qf3 Rf8 17. Nf6+ Bxf6 18. exf6 Nb7 19. Ne4 Nd6 20. Nxd6 Qxd6 21. Rfe1 Re8 22. Re5 Bd7 23. Bh6 c5 24. Bg7 Bc6 25. Qg4 cxd4 26. Rh5 e5 27. Qg5 Re6 28. Rxh7 Nxf6 29. Rh8+ 1-0

[Event "EU-chT Seniors 09th"]
[Site "Dresden"]
[Date "2007.02.18"]
[Round "3"]
[White "Dias, Augusto Martins"]
[Black "Winter, Karlheinz"]
[Result "0-1"]
[WhiteElo "1799"]
[BlackElo "2032"]
[PlyCount "108"]
[EventDate "2007.02.16"]
[EventType "team-swiss"]
[EventRounds "9"]
[EventCountry "GER"]
[SourceTitle "CBM 117 Extra"]
[Source "ChessBase"]
[SourceDate "2007.05.09"]
[SourceVersion "1"]
[SourceVersionDate "2007.05.09"]
[SourceQuality "1"]

1. e4 d5 2. e5 c5 3. f4 Nh6 4. Nf3 Nc6 5. Bb5 Qb6 6. Bxc6+ bxc6 7. 0-0 c4+ 8. Kh1 Ng4 9. Qe1 Bf5 10. h3 Nh6 11. Na3 e6 12. b3 Qa5 13. d3 Bb4 14. Bd2 Bxd2 15. Nxd2 Qxa3 16. bxc4 Qc3 17. g4 Bg6 18. Qe3 0-0 19. Rfc1 Rab8 20. Nb3 dxc4 21. Nc5 Rfd8 22. f5 exf5 23. g5 f4 24. Qxf4 Rd4 25. Qf3 Nf5 26. e6 fxe6 27. Nxe6 Rh4 28. Nf4 Qe5 29. Rf1 Rf8 30. Rae1 Qxf4 31. Qxf4 Rxf4 32. Rxf4 cxd3 33. Rc4 dxc2 34. Kh2 c5 35. Rxc5 Nd4 36. Re7 Nf3+ 37. Kg3 Nxg5 38. Rcc7 Ne4+ 39. Kg2 Nf6 40. Rxg7+ Kh8 41. Rxg6 hxg6 42. Rxc2 Kg7 43. a4 Nd5 44. Rc5 Rf5 45. Kg3 Nb6 46. Rxf5 gxf5 47. a5 Nd5 48. Kf3 Kg6 49. Kg3 Kg5 50. h4+ Kh5 51. Kh3 Nf4+ 52. Kg3 Ng6 53. a6 f4+ 54. Kf3 Kxh4 0-1

[Event "Leutersdorf Muench Braeu op 12th"]
[Site "Leutersdorf"]
[Date "2007.02.10"]
[Round "2"]
[White "Winter, Karlheinz"]
[Black "Meijers, Viesturs"]
[Result "0-1"]
[WhiteElo "2032"]
[BlackElo "2462"]
[PlyCount "86"]
[EventDate "2007.02.10"]
[EventType "swiss"]
[EventRounds "7"]
[EventCountry "GER"]
[SourceTitle "EXT 2008"]
[Source "ChessBase"]
[SourceDate "2007.11.25"]
[SourceVersion "1"]
[SourceVersionDate "2007.11.25"]
[SourceQuality "1"]

1. c4 e6 2. Nc3 b6 3. Nf3 Bb7 4. g3 c5 5. Bg2 Nf6 6. 0-0 Be7 7. d4 cxd4 8. Nxd4 Bxg2 9. Kxg2 Qc8 10. Qd3 Nc6 11. Nxc6 Qxc6+ 12. Qf3 Rc8 13. Qxc6 Rxc6 14. b3 d5 15. Nb5 a6 16. Nd4 Rc8 17. cxd5 Nxd5 18. Bb2 Bf6 19. Rac1 Kd7 20. Rfd1 Rxc1 21. Bxc1 Nc3 22. Rd3 Nxa2 23. Ba3 Kc7 24. Rd2 Nc3 25. e3 Kb7 26. Rd3 Bxd4 27. Rxd4 Nb5 28. Ra4 Nxa3 29. Rxa3 Rc8 30. Ra4 Rc3 31. Rf4 f5 32. g4 g6 33. gxf5 exf5 34. Rd4 Kc6 35. Rd8 Rxb3 36. Rh8 a5 37. Rxh7 Rd3 38. Rg7 Rd6 39. f3 b5 40. e4 fxe4 41. fxe4 b4 42. Kf3 b3 43. e5 Re6 0-1

[Event "GER-ch Seniors 18th"]
[Site "Dresden"]
[Date "2006.07.29"]
[Round "8"]
[White "Winter, Karlheinz"]
[Black "Koehler, Kurt"]
[Result "1/2-1/2"]
[WhiteElo "1904"]
[BlackElo "1840"]
[PlyCount "99"]
[EventDate "2006.07.22"]
[EventType "swiss"]
[EventRounds "9"]
[EventCountry "GER"]
[SourceTitle "EXT 2022"]
[Source "ChessBase"]
[SourceDate "2021.10.06"]
[SourceVersion "1"]
[SourceVersionDate "2021.10.06"]
[SourceQuality "1"]

1. c4 e5 2. Nc3 Nf6 3. Nf3 Nc6 4. g3 d5 5. cxd5 Nxd5 6. Bg2 Be6 7. 0-0 Be7 8. d3 0-0 9. Bd2 f6 10. a3 Qd7 11. Rc1 Nb6 12. Ne4 Bh3 13. Nc5 Bxc5 14. Rxc5 Bxg2 15. Kxg2 Rad8 16. b4 Nd4 17. Nxd4 exd4 18. Qb3+ Qf7 19. Qxf7+ Rxf7 20. Rfc1 c6 21. Ra5 a6 22. a4 Re7 23. Kf3 Rde8 24. b5 cxb5 25. axb5 Rxe2 26. Be3 R2xe3+ 27. fxe3 Rxe3+ 28. Kg2 Rxd3 29. bxa6 bxa6 30. Rc6 Rb3 31. Rxa6 Nd5 32. Ra7 h6 33. Rd6 Ne3+ 34. Kh3 Nf5 35. Rd5 Rf3 36. Raa5 Ne7 37. Rxd4 Nc6 38. Ra8+ Kf7 39. Rd7+ Ne7 40. Rdd8 Re3 41. Rf8+ Kg6 42. Ra7 Re4 43. g4 h5 44. gxh5+ Kxh5 45. Ra5+ Kg6 46. Kg3 Nf5+ 47. Kf3 Rh4 48. Kg2 Rh5 49. Ra3 Rg5+ 50. Kf2 1/2-1/2

[Event "Sachsen-ch"]
[Site "Gruenheide"]
[Date "1997.??.??"]
[Round "?"]
[White "Bergmann, Andy"]
[Black "Winter, Karlheinz"]
[Result "1-0"]
[WhiteElo "2195"]
[BlackElo "2247"]
[PlyCount "50"]
[EventDate "1997.??.??"]
[EventType "swiss"]
[EventRounds "9"]
[EventCountry "GER"]
[SourceTitle "EXT 1998"]
[Source "ChessBase"]
[SourceDate "1997.11.17"]
[SourceVersion "1"]
[SourceVersionDate "1997.11.17"]
[SourceQuality "1"]

1. d4 d5 2. Nf3 Nf6 3. c4 c6 4. Nc3 e6 5. Qb3 Be7 6. g3 0-0 7. Bg2 Nbd7 8. 0-0 a6 9. a4 dxc4 10. Qxc4 Qa5 11. Bd2 Bb4 12. Ne4 Bxd2 13. Nfxd2 Nd5 14. Rfc1 Qb4 15. Qxb4 Nxb4 16. Rc4 a5 17. Nb3 Nd5 18. Nd6 f5 19. Rcc1 N5b6 20. Nc5 Rb8 21. e3 Rf6 22. Nxc8 Rxc8 23. Nxb7 g5 24. Nxa5 f4 25. e4 f3 1-0

[Event "Sachsen-ch"]
[Site "Gruenheide"]
[Date "1997.??.??"]
[Round "?"]
[White "Gempe, Thomas"]
[Black "Winter, Karlheinz"]
[Result "1-0"]
[WhiteElo "2220"]
[BlackElo "2247"]
[PlyCount "125"]
[EventDate "1997.??.??"]
[EventType "swiss"]
[EventRounds "9"]
[EventCountry "GER"]
[SourceTitle "EXT 1998"]
[Source "ChessBase"]
[SourceDate "1997.11.17"]
[SourceVersion "1"]
[SourceVersionDate "1997.11.17"]
[SourceQuality "1"]

1. d4 d5 2. c4 c6 3. Nf3 Nf6 4. Nc3 e6 5. Bg5 Be7 6. e3 Nbd7 7. Qc2 0-0 8. 0-0-0 a6 9. Kb1 b5 10. c5 a5 11. Bd3 h6 12. h4 Ba6 13. Bf4 a4 14. a3 Qa5 15. Na2 Ng4 16. Bg3 f5 17. Nh2 Ndf6 18. Nb4 Bb7 19. Qe2 Nxh2 20. Bxh2 Qd8 21. Rc1 Qe8 22. f3 Rc8 23. e4 dxe4 24. fxe4 fxe4 25. Bxe4 Nxe4 26. Qxe4 Rf6 27. Be5 Qg6 28. Rce1 Qxe4+ 29. Rxe4 Rf2 30. g4 Rcf8 31. Bg3 R2f3 32. Rg1 Rf1+ 33. Rxf1 Rxf1+ 34. Ka2 Kf7 35. h5 Bg5 36. Nd3 Bf6 37. Bd6 Bc8 38. Be5 Bg5 39. Re2 Ba6 40. Rf2+ Rxf2 41. Nxf2 Bh4 42. Ne4 Be1 43. b4 axb3+ 44. Kxb3 Ba5 45. g5 Be1 46. gxh6 gxh6 47. Bf4 Kg7 48. Be3 Ba5 49. Nf2 Bd8 50. Ng4 Bg5 51. Bxg5 hxg5 52. Kb4 Bc8 53. Kc3 Bd7 54. h6+ Kh8 55. Nf6 Bc8 56. Kd2 Ba6 57. Ke3 Bc8 58. Ke4 Ba6 59. Ke5 b4 60. axb4 Bc4 61. Kd6 Bd5 62. Nxd5 exd5 63. b5 1-0